Compromisos de la evaluación Educativa (Registro nro. 4976)
[ vista simple ]
| 000 -Cabecera | |
|---|---|
| Campo de control de longitud fija | 00862aam a2200313 4500 |
| 005 - Fecha y hora de la última transacción | |
| Campo de control | 20260427160649.0 |
| 008 - Elementos de longitud fija--Información general | |
| Campo de control de longitud fija | 150423b2002 xxu||||| |||| 00| 0 spa d |
| 020 ## - International Standard Book Number | |
| Número Internacional Estándar del Libro (ISBN) | 8420535621 |
| 041 ## - Idioma | |
| Código de idioma | Español |
| 082 ## - Clasificación Decimal Dewey | |
| Número de clasificación | 371.26 C352c |
| 100 ## - Entrada principal--Autor personal | |
| Nombre personal | Castillo Arredondo, Santiago |
| 245 ## - Título propiamente dicho | |
| Título | Compromisos de la evaluación Educativa |
| 260 ## - Pie de imprenta | |
| Lugar de publicación, distribución, etc. | España |
| 260 ## - Pie de imprenta | |
| Nombre del editor, distribuidor, etc. | Pearson |
| 260 ## - Pie de imprenta | |
| Fecha de publicación, distribución, etc. | 2002 |
| 300 ## - Descripción física | |
| Extensión | 391 páginas |
| 490 ## - Serie | |
| Título de la Serie | Temática General |
| 650 ## - Materia general | |
| Temática (materia general) | EVALUACIÓN EDUCATIVA |
| 650 ## - Materia general | |
| Temática (materia general) | DIDÁCTICA DE LA EVALUACIÓN |
| 650 ## - Materia general | |
| Temática (materia general) | ENSEÑANZA |
| 650 ## - Materia general | |
| Temática (materia general) | EVALUACIÓN DE LOS CONTENIDOS |
| 650 ## - Materia general | |
| Temática (materia general) | EVALUACIÓN DE ACTITUDES |
| 650 ## - Materia general | |
| Temática (materia general) | EVALUACIÓN DE VALORES |
| 650 ## - Materia general | |
| Temática (materia general) | EVALUACIÓN DE CALIDAD |
| 650 ## - Materia general | |
| Temática (materia general) | EVALUACIÓN DE LOS CENTROS EDUCATIVOS |
| 650 ## - Materia general | |
| Temática (materia general) | DOCENTES |
| 650 ## - Materia general | |
| Temática (materia general) | CALIDAD DE ENSEÑANZA |
| 942 ## - Punto de acceso adicional KOHA | |
| Tipo de ítem KOHA | Libro |
| Fuente del sistema de clasificación o colocación | Dewey Decimal Classification |
| Signatura completa | Código de barras | Programa Académico | Tipo de ítem |
|---|---|---|---|
| 371.26 C352c | 13835 | Temática General | Libro |